000 00406nam a2200169Ia 4500
008 230524s9999 xx 000 0 und d
020 _a9788174092953
082 _bVAI
100 _aR.S. Vaishwanar
_942848
245 0 _aAnalysis and Design of Structures
250 _a5
260 _aNew Delhi
_bCharotar
_c2016
300 _a650p;
500 _aQuantity Number: 1
650 _aCivil
942 _cBK
999 _c57820
_d57820